El alumno sobresaliente, su educación y la atención a sus necesidades especiales en el sistema educativo costarricense /
El siguiente artículo se constituye en una reflexión analítica-descriptiva acerca de la educación del aprendiz sobresaliente y talentoso en el área académica. Primero se efectúa una somera caracterización de este tipo de alumno y se brinda una visión de las alternativas educacionales más aplicadas e...
Saved in:
| Main Author: | |
|---|---|
| Format: | Text |
| Subjects: | |
| Tags: |
Add Tag
No Tags, Be the first to tag this record!
|
MARC
| LEADER | 00000 a a2200000 04500 | ||
|---|---|---|---|
| 001 | 46620 | ||
| 003 | |||
| 040 | |||
| 100 | |a D'Agostino Santoro, Giuseppa | ||
| 245 | |a El alumno sobresaliente, su educación y la atención a sus necesidades especiales en el sistema educativo costarricense / |c Giuseppa D'Agostino Santoro | ||
| 520 | |a El siguiente artículo se constituye en una reflexión analítica-descriptiva acerca de la educación del aprendiz sobresaliente y talentoso en el área académica. Primero se efectúa una somera caracterización de este tipo de alumno y se brinda una visión de las alternativas educacionales más aplicadas en la práctica pedagógica para su formación. Seguidamente se aportan algunas acciones estatales, efectuadas a nivel de política del sistema educativo costarricense para atender las necesidades de este colectivo de alumnos. Se concluye que existe una visión reduccionista de las necesidades educativas especiales en la normativa pertinente. | ||
| 590 | |a RRH/NOVIEMBRE2014 | ||
| 650 | |a EDUCACION | ||
| 650 | |a CALIDAD DE LA EDUCACION | ||
| 650 | |a DESARROLLO DE CAPACIDADES | ||
| 650 | |a NIÑO | ||
| 650 | |a COSTA RICA | ||
| 773 | |a volumen28, número1 (2004), páginas 145-155 | ||
| 999 | |c 20499 |d 20499 | ||
